=LDR 00000nam 2200000 4500 =001 INLIS000000000021767 =005 20130612120607 =008 ***********************************Ind** =035 ##$$a0010-061300000021767 =041 ##$$a Ind =082 ##$$a F Rom D =090 ##$$a F Rom D, Irf-k =100 ##$$a IRFANI, Tomy =245 ##$$a Kelana One True Love, Tomy Irfani =260 ##$$a 2005 $b Jakarta =300 ##$$a viii, 256 hlm., ilus., 21 cm =650 ##$$a Fiksi Dewasa =850 ##$$a NBPNMAT =990 ##$$a 92550/BPAP-NTB/2014 =990 ##$$a 21400613/BPAP-NTB/20142014 =990 ##$$a 21400613/BPAP-NTB/20142014 =990 ##$$a 21400613/BPAP-NTB/20142014 =990 ##$$a 0001/BPAP-NTB/20142014